书目信息 |
| 题名: |
卫星电视技术
|
|
| 作者: | 刘进军 编著 | |
| 分册: | ||
| 出版信息: | 北京 国防工业出版社 2008.10 |
|
| 页数: | 288页 | |
| 开本: | 26cm | |
| 丛书名: | ||
| 单 册: | ||
| 中图分类: | TN943.3 | |
| 科图分类: | ||
| 主题词: | 卫星广播电视--wei xing guang bo dian shi--研究 | |
| 电子资源: | ||
| ISBN: | 978-7-118-05877-2 | |
| 000 | 00904nam0 2200229 450 | |
| 001 | 012009412702 | |
| 005 | 20091015150748.64 | |
| 010 | @a978-7-118-05877-2@dCNY32.00 | |
| 100 | @a20091015d2008 em y0chiy0120 ea | |
| 101 | 0 | @achi |
| 102 | @aCN@b110000 | |
| 105 | @aa z 000yy | |
| 106 | @ar | |
| 200 | 1 | @a卫星电视技术@Awei xing dian shi ji shu@f刘进军编著@Fliu jin jun bian zhu |
| 210 | @a北京@c国防工业出版社@d2008.10 | |
| 215 | @a288页@c图@d26cm | |
| 330 | @a全书内容有:卫星技术、卫星天线原理与技术、移动卫星技术、高清卫星电视、立体卫星电视、IP卫星电视和卫星电视系统等,重点叙述了手机卫星电视系统、便携卫星电视系统、车载卫星电视系统、列车卫星电视系统、海洋卫星电视系统和航空卫星电视系统等技术。 | |
| 606 | 0 | @a卫星广播电视@Awei xing guang bo dian shi@x研究 |
| 690 | @aTN943.3@v4 | |
| 701 | 0 | @a刘进军@Aliu jin jun@4编著 |
| 801 | 0 | @aCN@bQSSK@c20091015 |
| 905 | @b762726-28@dTN943.3@eL632@f3 | |
| 卫星电视技术/刘进军编著.-北京:国防工业出版社,2008.10 |
| 288页:图;26cm |
| ISBN 978-7-118-05877-2:CNY32.00 |
| 全书内容有:卫星技术、卫星天线原理与技术、移动卫星技术、高清卫星电视、立体卫星电视、IP卫星电视和卫星电视系统等,重点叙述了手机卫星电视系统、便携卫星电视系统、车载卫星电视系统、列车卫星电视系统、海洋卫星电视系统和航空卫星电视系统等技术。 |
| ● |
| 相关链接 |
|
|
|
正题名:卫星电视技术
索取号:TN943.3/L632
 
预约/预借
| 序号 | 登录号 | 条形码 | 馆藏地/架位号 | 状态 | 备注 |
| 1 | 762726 | 207627264 | 自科二线404/404自科库 22排3列4层/ [索取号:TN943.3/L632] | 在馆 | |
| 2 | 762727 | 207627273 | 自科二线404/404自科库 22排3列4层/ [索取号:TN943.3/L632] | 在馆 | |
| 3 | 762728 | 207627282 | 自科二线404/404自科库 22排3列4层/ [索取号:TN943.3/L632] | 在馆 |